Biblioteca y Centro de Documentación

La brecha de la equidad (Registro nro. 8274)

Detalles MARC
000 -CABECERA
Longitud fija campo de control 02061nam a2200541 c 4500
001 - NÚMERO DE CONTROL
Número de control 8274
003 - IDENTIFICADOR DE NÚMERO DE CONTROL
Identificador del número de control ES-MaCES
005 - FECHA Y HORA DE LA ÚLTIMA TRANSACCIÓN
Fecha y hora de la última transacción 20150925134927.0
008 - CAMPO FIJO DE DESCRIPCIÓN FIJA--INFORMACIÓN GENERAL
Códigos de información de longitud fija   990210s1997 cl d i100 | spa d
020 ## - ISBN (INTERNATIONAL STANDARD BOOK NUMBER)
Número Internacional Normalizado para Libros (ISBN) 9213214626
035 ## - NÚMERO DE CONTROL DEL SISTEMA
Número de control del sistema CES19990001146m
040 ## - FUENTE DE CATALOGACIÓN
Centro catalogador de origen ES-MaCES
Lengua de catalogación spa
Centro transcriptor ES-MaCES
245 03 - MENCIÓN DE TÍTULO
Título La brecha de la equidad
Resto del título : América Latina, el Caribe y la cumbre social
Mención de responsabilidad, etc. [Naciones Unidas, Comisión Económica para América Latina y el Caribe (CEPAL)]
246 3# - FORMA VARIANTE DEL TÍTULO
Título propio ; Título en breve The equity gap: Latin America, the Caribbean and the social summit
250 ## - MENCIÓN DE EDICIÓN
Mención de edición 1ª ed
260 ## - PUBLICACIÓN, DISTRIBUCIÓN, ETC (PIE DE IMPRENTA)
Lugar de publicación, distribución, etc. Santiago de Chile
Nombre del editor, distribuidor, etc. Naciones Unidas
Fecha de publicación, distribución, etc. 1997
300 ## - DESCRIPCIÓN FÍSICA
Extensión 218 p.
Otras características físicas gráf.
Dimensiones 27 cm
490 1# - MENCIÓN DE SERIE
Mención de serie Libros de la CEPAL
Designación de volumen o secuencia 44
500 ## - NOTA GENERAL
Nota general Índices
500 ## - NOTA GENERAL
Nota general Publ. simultáneamente en inglés bajo el tít.: The equity gap: Latin America, the Caribbean and the social summit
504 ## - NOTA DE BIBLIOGRAFÍA, ETC.
Nota de bibliografía, etc. Bibliografía: p. 209-218
541 ## - NOTA DE LA FUENTE INMEDIANTE DE ADQUISICIÓN
Forma de adquisición Compra
611 24 - ASIENTO SECUNDARIO DE MATERIA--NOMBRE DE REUNIÓN
Nombre de congreso o nombre de jurisdicción como elemento inicial Cumbre Centroamericana para el Desarrollo Social
Número del congreso o número de parte o sección de la obra
Fecha del congreso 1995
Sede del congreso Coronado, San José, Costa Rica
9 (RLIN) 410
630 04 - ASIENTO SECUNDARIO DE MATERIA--TÍTULO UNIFORME
Título uniforme Cumbre Social
Fecha de la firma de un tratado 1995
9 (RLIN) 33254
650 #4 - ASIENTO SECUNDARIO DE MATERIA--TÉRMINO DE MATERIA
Término de materia o nombre geográfico como elemento inicial pobreza
9 (RLIN) 27112
650 #4 - ASIENTO SECUNDARIO DE MATERIA--TÉRMINO DE MATERIA
Término de materia o nombre geográfico como elemento inicial distribución del ingreso
9 (RLIN) 27109
650 #4 - ASIENTO SECUNDARIO DE MATERIA--TÉRMINO DE MATERIA
Término de materia o nombre geográfico como elemento inicial fomento del empleo
9 (RLIN) 30270
650 #4 - ASIENTO SECUNDARIO DE MATERIA--TÉRMINO DE MATERIA
Término de materia o nombre geográfico como elemento inicial integración social
9 (RLIN) 27283
650 #4 - ASIENTO SECUNDARIO DE MATERIA--TÉRMINO DE MATERIA
Término de materia o nombre geográfico como elemento inicial reforma económica
9 (RLIN) 29791
650 #4 - ASIENTO SECUNDARIO DE MATERIA--TÉRMINO DE MATERIA
Término de materia o nombre geográfico como elemento inicial reforma social
9 (RLIN) 27030
650 #4 - ASIENTO SECUNDARIO DE MATERIA--TÉRMINO DE MATERIA
Término de materia o nombre geográfico como elemento inicial política económica
9 (RLIN) 27025
650 #4 - ASIENTO SECUNDARIO DE MATERIA--TÉRMINO DE MATERIA
Término de materia o nombre geográfico como elemento inicial política social
9 (RLIN) 27029
650 #4 - ASIENTO SECUNDARIO DE MATERIA--TÉRMINO DE MATERIA
Término de materia o nombre geográfico como elemento inicial país en desarrollo
9 (RLIN) 27092
650 #4 - ASIENTO SECUNDARIO DE MATERIA--TÉRMINO DE MATERIA
Término de materia o nombre geográfico como elemento inicial América Latina
9 (RLIN) 26882
650 #4 - ASIENTO SECUNDARIO DE MATERIA--TÉRMINO DE MATERIA
Término de materia o nombre geográfico como elemento inicial Caribe
9 (RLIN) 26861
650 #4 - ASIENTO SECUNDARIO DE MATERIA--TÉRMINO DE MATERIA
Término de materia o nombre geográfico como elemento inicial papel de la ONU
9 (RLIN) 29145
650 #4 - ASIENTO SECUNDARIO DE MATERIA--TÉRMINO DE MATERIA
Término de materia o nombre geográfico como elemento inicial conferencia
9 (RLIN) 27013
650 #4 - ASIENTO SECUNDARIO DE MATERIA--TÉRMINO DE MATERIA
Término de materia o nombre geográfico como elemento inicial cuadros estadísticos
9 (RLIN) 28890
653 10 - TÉRMINO DE INDEXACIÓN--NO CONTROLADO
Término no controlado Cooperación al desarrollo
650 #4 - ASIENTO SECUNDARIO DE MATERIA--TÉRMINO DE MATERIA
9 (RLIN) 29234
Término de materia o nombre geográfico como elemento inicial desarrollo económico y social
710 2# - ENCABEZAMIENTO SECUNDARIO--NOMBRE CORPORATIVO
Nombre de entidad o nombre de jurisdicción como elemento inicial Naciones Unidas
Término indicativo de función ed.
9 (RLIN) 4567
710 2# - ENCABEZAMIENTO SECUNDARIO--NOMBRE CORPORATIVO
Nombre de entidad o nombre de jurisdicción como elemento inicial Naciones Unidas
Unidad subordinada Comisión Económica para América Latina y el Caribe
9 (RLIN) 4573
767 0# - ENTRADA DE TRADUCCIÓN
Título The equity gap
Número de control del registro relacionado (ES-MaCES)8726
830 #0 - ENCABEZAMIENTO SECUNDARIO DE COLECCIÓN--TÍTULO UNIFORME
Título uniforme Libros de la CEPAL
Designación de volumen o secuencia 44
9 (RLIN) 32813
902 ## - CES. TIPO DE DOCUMENTO
Tipodoc (006$c Sirtex) LIB Libro
942 ## - ELEMENTOS KOHA
Fuente de clasificaión o esquema Clasificación propia del CES
Koha [por defecto] tipo de item Monografías
Parte de clasificación 1.2.
Existencias
Número de registro Signatura completa Tipo de item de Koha
028408 DPT-10061 Monografías
© CES, Consejo Económico y Social de España 2021